Top 25 Trading Partners - Brazil - Statistics

General Stats
  • This quiz has been taken 56 times
  • The average score is 45 of 50
Answer Stats
Hint Answer % Correct
3rd Place: 14,951 Argentina
100%
3rd Place: 11,051 Argentina
100%
1st Place: 64,205 China
100%
1st Place: 34,730 China
100%
8th Place: 4,505 Mexico
100%
6th Place: 4,909 Mexico
100%
2nd Place: 29,169 United States of America
100%
2nd Place: 29,350 United States of America
100%
14th Place: 3,353 Canada
98%
17th Place: 2,251 Canada
98%
5th Place: 6,389 Chile
96%
11th Place: 3,381 Chile
96%
19th Place: 2,805 Colombia
96%
22nd Place: 1,717 Colombia
96%
20th Place: 2,648 France
96%
9th Place: 3,947 France
96%
6th Place: 5,214 Germany
96%
4th Place: 10,557 Germany
96%
7th Place: 5,150 Spain
96%
13th Place: 2,941 Spain
96%
17th Place: 3,008 United Kingdom
96%
19th Place: 2,227 United Kingdom
96%
16th Place: 3,008 Uruguay
96%
9th Place: 4,334 Japan
94%
8th Place: 4,355 Japan
94%
25th Place: 1,636 Bolivia
92%
10th Place: 3,909 India
92%
10th Place: 3,662 India
92%
18th Place: 2,945 Paraguay
92%
13th Place: 3,437 South Korea
92%
5th Place: 5,380 South Korea
92%
12th Place: 3,560 Italy
91%
7th Place: 4,513 Italy
91%
4th Place: 13,068 Netherlands
91%
23rd Place: 1,690 Netherlands
91%
23rd Place: 2,158 Peru
91%
20th Place: 1,810 Peru
91%
12th Place: 3,373 Russia
89%
15th Place: 3,198 Belgium
87%
21st Place: 1,795 Belgium
87%
21st Place: 2,365 Turkey
81%
25th Place: 2,107 Saudi Arabia
77%
16th Place: 2,318 Saudi Arabia
77%
11th Place: 3,573 Singapore
75%
18th Place: 2,251 Switzerland
75%
24th Place; 1,650 Thailand
70%
15th Place: 2,320 Vietnam
66%
24th Place: 2,134 Egypt
62%
22nd Place: 2,267 Iran
55%
14th Place: 2,420 Algeria
40%
No matching quizzes found
Score Distribution
Percent of People with Each Score
Percentile by Number Answered
Your Score History
You have not taken this quiz